[Event "Chigorin Memorial 20th"]
[Site "St Petersburg"]
[Date "2012.10.27"]
[Round "1"]
[White "Mikhailov, Evgeni"]
[Black "Lauda, Alexandr"]
[Result "1/2-1/2"]
[WhiteElo "2050"]
[BlackElo "1991"]
[PlyCount "101"]
[EventDate "2012.10.27"]
[EventType "swiss"]
[EventRounds "9"]
[EventCountry "RUS"]
[SourceTitle "EXT 2013"]
[Source "ChessBase"]
[SourceDate "2012.11.22"]
[SourceVersion "1"]
[SourceVersionDate "2012.11.22"]
[SourceQuality "1"]

1. e4 c5 2. Nf3 Nc6 3. Bb5 g6 4. 0-0 Bg7 5. Bxc6 dxc6 6. d3 Bg4 7. Nc3 e5 8. h3 Be6 9. b3 f6 10. Be3 Qe7 11. a4 a5 12. Nd2 g5 13. g4 h5 14. Kg2 Bf8 15. f3 Nh6 16. Nc4 Qc7 17. Qe2 hxg4 18. hxg4 0-0-0 19. Rh1 Be7 20. Rh3 b6 21. Rah1 Nf7 22. Kg3 Kb7 23. Rh7 Rxh7 24. Rxh7 Rh8 25. Qh2 Qd8 26. Rxh8 Qxh8 27. Qxh8 Nxh8 28. Ne2 Ng6 29. Nc3 Ka6 30. Na3 Nf8 31. Kf2 Bd7 32. Bd2 Ne6 33. Ne2 b5 34. c4 Nd4 35. Nc1 Kb6 36. Ke3 Be6 37. Kf2 Bd7 38. Ke3 Ne6 39. Kf2 Nc7 40. Ke3 Na6 41. Kf2 Nc7 42. Ke3 Ka6 43. Ke2 Na8 44. Nb1 Kb6 45. Na3 Bd8 46. Be3 Be7 47. Kf2 Bd6 48. Bd2 Nc7 49. Ke3 Ne6 50. Kf2 Be7 51. Ke3 1/2-1/2